Mixed Words: One Word G Quiz Stats

Quiz Updated Oct 14, 2016

Challenge
Share
Tweet
Embed
Score 0/20 Timer 03:00
0 Plays Today
% Correct
Goat
99.6%
Glove
93.7%
Gown
93.4%
Grape
92.5%
Guava
90.8%
Gabon
81.4%
Giraffe
80.9%
Gourd
78.8%
Glasses
78.7%
Gibbon
70%
% Correct
Germany
68.8%
Gorilla
65.8%
Guatemala
63.9%
Garlic
63.9%
Gambia
62.5%
Garter
57.7%
Georgia
57.1%
Galoshes
53.5%
Gooseberry
42%
Greyhound
33.8%

You're not logged in!

Compare scores with friends on all Sporcle quizzes.
Sign Up with Email
OR
Log In

You Might Also Like...

Show Comments

Extras

Top Quizzes Today


Score Distribution

Your Account Isn't Verified!

In order to create a playlist on Sporcle, you need to verify the email address you used during registration. Go to your Sporcle Settings to finish the process.